LoL Qui Rit Sort - Saison 4 - Statistiques

Statistiques générales
  • Ce quiz a été pris 208 fois
  • Le résultat moyen est 8 sur 11
Statistiques - réponses
Statut Indice Participants % Correct
3e Youtuber, Fat show, Mario Carte Bleu Carlito
94%
3e Youtuber, Fat show, Mario Carte Bleu Mcfly
94%
Gagnante Actrice, Scène de ménage,Les invisibles Audrey Lamy
92%
5e Acteur, Réalisateur, Taxi Franck Gastambide
76%
9e Humoriste, Acteur, Le Grand Bain Alban Ivanov
69%
7e Acteur, Humoriste, Irréductible Jérôme Commandeur
68%
9e Actrice, Polisse, Robin des bois Marina Foïs
67%
2e Comedien, Humoriste, MarseilleLa vie scolaire Redouane Bougheraba
65%
6e Comedienne , Actrice, Quotidien8 rue de l'humanité Alison Wheeler
62%
9e Acteur, Tout simplement noir Jean-Pascal Zadi
55%
7e Comedienne, Instagram,Famille de Roschdy Zem Anaïde Rozam
28%
Aucun quiz correspondant
Distribution des résultats
% des personnes avec chaque résultat
Percentile par nombre de réponses
Votre historique - résultats
Vous n’avez pas pris ce quiz